000
00325nam a22001337a 4500
008
170815b xxu||||| |||| 00| 0 eng d
020
_a
9780201347302
041
_a
eng
080
_2
7 ED
_a
51
100
_a
36
101
_a
MAT
245
_a
MATHEMATICS FOR ELEMENTARY SCHOOL TEACHER
_c
LIBESKIND.B
942
_2
udc
_c
BK
999
_c
23525
_d
23525